|
|
|
|
| LEADER |
00889naa a2200205 i 4500 |
| 001 |
acta42833 |
| 005 |
20210726155320.0 |
| 008 |
161217s1971 hu o 1|| hun d |
| 040 |
|
|
|a SZTE Egyetemi Kiadványok Repozitórium
|b hun
|
| 041 |
|
|
|a hun
|
| 041 |
|
|
|a ger
|
| 245 |
0 |
0 |
|a International Geographical Union
|h [elektronikus dokumentum] :
|b European Regional Conference : Dynamische Unterschiede des Verkarstungsprocesses in den Mikroräumen
|
| 260 |
|
|
|c 1971
|
| 300 |
|
|
|a 58
|
| 490 |
0 |
|
|a International Geographical Union : European Regional Conference
|
| 650 |
|
4 |
|a Természettudományok
|
| 650 |
|
4 |
|a Föld- és kapcsolódó környezettudományok
|
| 695 |
|
|
|a Karsztjelenségek - Magyarország
|
| 711 |
|
|
|a International Geographical Union European Regional Conference
|c Budapest
|d 1971
|
| 856 |
4 |
0 |
|u http://acta.bibl.u-szeged.hu/42833/1/igeu_1971_dynamische_unterschiede.pdf
|z Dokumentum-elérés
|